MARC

LEADER 00000nam0a2200000 4500
001 302716
005 20231102001530.0
035 |a (RuTPU)RU\TPU\book\327925 
090 |a 302716 
100 |a 20150826d1981 k y0rusy50 ca 
101 0 |a rus 
102 |a RU 
105 |a a z 001zy 
200 1 |a Вопросы физики твердого тела (физические свойства углеродных материалов)  |e сборник научных трудов  |f Челябинский государственный педагогический институт (ЧГПИ) ; под ред. С. В. Шулепова 
210 |a Челябинск  |c Изд-во ЧГПИ  |d 1981 
215 |a 77 с.  |c ил. 
320 |a Библиогр. в конце ст. 
606 1 |a Твердые тела  |x Физика  |2 stltpush  |3 (RuTPU)RU\TPU\subj\58697  |9 76461 
610 1 |a физические свойства 
610 1 |a углеродные материалы 
610 1 |a рентгеновские методы 
610 1 |a фотоэлектронная спектроскопия 
610 1 |a анизотропия 
610 1 |a магнитные материалы 
610 1 |a термоэлектрические свойства 
610 1 |a термоантрациты 
610 1 |a пеки 
610 1 |a размягчение 
610 1 |a акустические методы 
675 |a 539.2  |v 4 
702 1 |a Шулепов  |b С. В.  |4 340 
712 0 2 |a Челябинский государственный педагогический институт (ЧГПИ)  |c (1934-1995)  |2 stltpush  |3 (RuTPU)RU\TPU\col\12745 
801 1 |a RU  |b 63413507  |c 20150826 
801 2 |a RU  |b 63413507  |c 20190701  |g RCR 
942 |c BK